| 000 | 00826cam a2200265 i 4500 | ||
|---|---|---|---|
| 001 | 2708861 | ||
| 003 | PILC | ||
| 005 | 20150905094632.0 | ||
| 008 | 761130s1977 nyu 001 0 eng | ||
| 010 | _a 76057227 | ||
| 020 | _a0690008767 | ||
| 035 | _a(DLC) 76057227 | ||
| 040 |
_aDLC _cDLC _dDLC |
||
| 050 | 0 | 0 |
_aPE 1113 _b.El44 1977 |
| 082 | 0 | 0 | _a428/.2/0202 |
| 100 | 1 |
_aEllsworth, Blanche, _d1902- |
|
| 245 | 1 | 0 |
_aEnglish simplified : _bpunctuation, spelling, grammar, usage, mechanics, documentation / _cBlanche Ellsworth. |
| 250 | _a3rd edition. | ||
| 260 |
_aNew York : _bCrowell, _c1977. |
||
| 300 |
_a32 pages ; _c29 cm. |
||
| 500 | _aIncludes bibliographical references and index. | ||
| 650 | 0 |
_aEnglish language _xGrammar. |
|
| 906 |
_a7 _bcbc _corignew _d1 _eocip _f19 _gy-gencatlg |
||
| 942 |
_2lcc _cBK _kFOR |
||
| 999 |
_c284704 _d284704 |
||